Wszystkie kluby przeciwko którym zagrał Ishak w barwach Lecha Poznań - Statystyki

Ogólne statystyki
  • Ten quiz został rozwiązany 15 razy
  • Średni wynik to 35 z 60
Statystyki odpowiedzi
Minuty Statystyki Klub % Poprawnych
1 132' 4G Legia Warszawa
100%
90' Arka Gdynia
93%
905' 5G 4A Cracovia
93%
328' 1G GKS Katowice
93%
719' 6G Górnik Zabrze
93%
859' 5G 2A Jagiellonia Białystok
93%
590' 3G 2A Korona Kielce
93%
266' 2G 1A Motor Lublin
93%
913' 2G 1A Piast Gliwice
93%
833' 8G 2A Pogoń Szczecin
93%
508' 6G 1A Radomiak Radom
93%
773' 4G Raków Częstochowa
93%
365' 4G 1A Śląsk Wrocław
93%
339' 2G 1A Warta Poznań
93%
369' 1G Wisła Płock
93%
643' 7G Lechia Gdańsk
86%
138' 1G Podbeskidzie Bielsko-Biała
86%
323' 4G 1A Puszcza Niepołomice
86%
180' 2G 1A Ruch Chorzów
86%
416' 4G 1A Widzew Łódź
86%
208' 3G 1A Wisła Kraków
86%
834' 3G Zagłębie Lubin
86%
180' 3G ŁKS Łódź
79%
646' 2G 2A Stal Mielec
79%
87' 1A AC Fiorentina
71%
287' 4G Bruk-Bet Termalica Nieciecza
71%
163' 1G 2A Górnik Łęczna
71%
179' 2G Miedź Legnica
64%
80' Odra Opole
64%
180' 2G Crvena Zvezda Belgrad
57%
180' 3G Szachtar Donieck
57%
79' 1A KRC Genk
50%
33' 1G Lincoln Red Imps FC
50%
135' 4G Breidablik Kópavogur
43%
173' 2G 1A FK Austria Wiedeń
43%
60' Rayo Vallecano
43%
68' 1G SK Rapid Wiedeń
43%
19' Olimpia Grudziądz
36%
88' 2G SK Sigma Ołomuniec
36%
177' 1A Spartak Trnava
36%
166' 2G 2A Villarreal CF
36%
170' Djurgårdens IF
29%
124' 1G F91 Dudelange
29%
85' FC Lausanne-Sport
29%
168' 1G FK Bodø/Glimt
29%
45' 1A Gryf Słupsk
29%
137' 1A Kuopion Palloseura
29%
170' 1G Qarabağ FK
29%
191' 1G Víkingur Reykjavík
29%
67' 1G Apollon Limassol
21%
122' 2G Benfika Lizbona
21%
90' 1G 1A Dinamo Batumi
21%
32' FK Kauno Zalgiris
21%
154' Glasgow Rangers
21%
90' Hammarby IF
21%
180' Hapoel Beer Sheva
21%
87' R Charleroi SC
21%
168' 3G Standard Liège
21%
84' 2G Valmiera FC
21%
90' 1G 1.FSV Mainz 05
7%
Nie znaleziono quizów pasujących do podanych kryteriów
Rozkład punktacji
Procent ludzi z każdym wynikiem
Percentyl według liczby udzielonych odpowiedzi
Twoja historia wyników
Nie rozwiązałeś tego quizu